| 000 | 00838nam a2200289Ia 4500 | ||
|---|---|---|---|
| 003 | OSt | ||
| 005 | 20220912144952.0 | ||
| 006 | a|||||r|||| 00| 0 | ||
| 007 | ta | ||
| 008 | 220909b |||||||| |||| 00| 0 eng d | ||
| 020 | _a9780415331203 (pbk) | ||
| 024 | _a86418 | ||
| 037 | _b1573, 13/11/2009, Educational Book Agency (India) | ||
| 037 | _cTextbook | ||
| 040 |
_aCSL _beng _cCSL |
||
| 041 | _aeng | ||
| 082 | _aY7, P5 TY | ||
| 100 | _aPeter Metcalf | ||
| 245 | 0 | _aAnthropology:the basics | |
| 260 |
_aLondon _bRoutledge _c2005 |
||
| 300 |
_avii, 215p. _ccm. |
||
| 500 | _aBibliography 207-212p.; Index 213-215p. | ||
| 650 | _a Sociology | ||
| 650 | _aAnthropology | ||
| 942 |
_hY7, P5 TY _cTB _2CC |
||
| 999 |
_c19807 _d19807 |
||